000
00229nam a2200097Ia 4500
008
190216s9999||||xx |||||||||||||| ||und||
100
_a
Allen G H J&Amp;Etc
245
0
_a
Science Masters Book
260
_b
John Murrary
942
_c
BK
999
_c
32678
_d
32678